000 02117cam a2200517 a 4500
001 chowchowseveryth00atki
003 CaSfIA
005 20210117223921.0
007 cr||||
008 880713s1988 nyua b 001 0 eng
010 _a 88022273
040 _aDLC
_cDLC
_dBAKER
_dBTCTA
_dYDXCP
_dOCLCG
_dCaSfIA
020 _a0812039521
020 _a9780812039528
035 _a(OCoLC)18292314
050 0 0 _aSF429.C5
_bA96 1988
082 0 0 _a636.7/2
_219
100 1 _aAtkinson, James B.,
_d1934-
245 1 0 _aChow chows :
_h[electronic resource]
_beverything about purchase, care, nutrition, diseases, and training /
_cJames B. Atkinson ; with color photographs by outstanding animal photographers, and drawings by Michele Earle-Bridges.
260 _aNew York :
_bBarron's,
_cc1988.
300 _a77 p. :
_bill. (some col.) ;
_c20 cm.
504 _aBibliography: p. 75.
500 _aIncludes index.
650 0 _aChow chow (Dog breed)
856 4 2 _3Publisher description
_uhttp://www.loc.gov/catdir/enhancements/fy0630/88022273-d.html
856 4 1 _uhttp://www.archive.org/details/chowchowseveryth00atki
_zFree eBook from the Internet Archive
856 4 2 _uhttp://www.openlibrary.org/books/OL2045269M
_zAdditional information and access via Open Library
029 1 _aNZ1
_b3689970
029 1 _aAU@
_b000005960201
029 1 _aUNITY
_b024278564
029 1 _aUKSND
_b0812039521
029 1 _aWOLVL
_b0812039521
029 1 _aUKBCC
_b0812039521
029 1 _aUKWIR
_b0812039521
029 1 _aUKSLI
_b0812039521
029 1 _aUKDEL
_b0812039521
029 1 _aUKHCL
_b0812039521
029 1 _aUKRFW
_b0812039521
029 1 _aUKSTC
_b0812039521
029 1 _aUKTAL
_b0812039521
029 1 _aUKNLL
_b0812039521
029 1 _aUKCHS
_b0812039521
942 _cEB
506 _fНеобхідна авторизація на https://archive.org/ (створення облікового запису безкоштовно)
506 _fНеобхідна авторизація на https://openlibrary.org/ (створення облікового запису безкоштовно)
999 _c480724
_d480724